Inventario y caracterización de la comunidad de aves rapaces en el Piedemonte y páramo (Registro nro. 1785)
[ vista simple ]
| 000 -CABECERA | |
|---|---|
| Campo de control | 00866nam a2200253 a 4500 |
| 005 - FECHA Y HORA DE LA ULTIMA TRANSACCION | |
| Campo de control | 20200104041524.0 |
| 008 - ELEMENTOS DE LONGITUD FIJA—INFORMACION GENERAL | |
| Campo de control | 140121b2000 ck ||||| |||| 00| 0 spa d |
| 041 ## - IDIOMA | |
| Código de idioma para texto/pista de sonido o título separado | Español |
| 090 ## - CLASIFICACIÓN LOCAL | |
| Colección | IAvH |
| Consecutivo | 00142 |
| 100 ## - ASIENTO PRINCIPAL--NOMBRE PERSONAL | |
| Nombre personal | Márquez Reyes, Cesar |
| 110 ## - ASIENTO PRINCIPAL--NOMBRE CORPORATIVO | |
| Unidad subordinad | Instituto de Investigación de Recursos Biológicos Alexander von Humboldt |
| 245 ## - MENCION DE TITULO | |
| Título | Inventario y caracterización de la comunidad de aves rapaces en el Piedemonte y páramo |
| 260 ## - PUBLICACION, DISTRIBUCION, ETC. (PIE DE IMPRENTA) | |
| Lugar de publicación, distribución, etc. | Bogotá |
| Nombre del editor, distribuidor, etc. | Instituto Alexander von Humboldt |
| Fecha de publicación, distribución, etc. | 2000 |
| 300 ## - DESCRIPCION FISICA | |
| Extensión | 73 p. |
| 650 ## - ASIENTO SECUNDARIO DE MATERIA - TERMINO TEMATICO | |
| Término temático o nombre geográfico como elemento de entrada | Inventarios |
| 650 ## - ASIENTO SECUNDARIO DE MATERIA - TERMINO TEMATICO | |
| Término temático o nombre geográfico como elemento de entrada | Aves |
| 650 ## - ASIENTO SECUNDARIO DE MATERIA - TERMINO TEMATICO | |
| Término temático o nombre geográfico como elemento de entrada | Caracterización biológica |
| 650 ## - ASIENTO SECUNDARIO DE MATERIA - TERMINO TEMATICO | |
| Término temático o nombre geográfico como elemento de entrada | Ecología de comunidades |
| 650 ## - ASIENTO SECUNDARIO DE MATERIA - TERMINO TEMATICO | |
| Término temático o nombre geográfico como elemento de entrada | Aves rapaces |
| 650 ## - ASIENTO SECUNDARIO DE MATERIA - TERMINO TEMATICO | |
| Término temático o nombre geográfico como elemento de entrada | Páramo |
| 650 ## - ASIENTO SECUNDARIO DE MATERIA - TERMINO TEMATICO | |
| Término temático o nombre geográfico como elemento de entrada | Conservación de biodiversidad |
| 662 ## - ASIENTO SECUNDARIO DE MATERIA - JERARQUIA DEL NOMBRE DE LUGAR( | |
| País o entidad mayor | Colombia |
| Jurisdicción política de primer orden | Valle del Cauca |
| 942 ## - ELEMENTOS ADICIONALES (KOHA) | |
| Tipo de ítem | Informe Técnico |
| Koha issues (borrowed), all copies | 5 |
| Sistema de clasificación | Local |
| Withdrawn status | Lost status | Sistema de Clasificación | Damaged status | No para préstamo | Colección | Inventariado | Ubicación Permanente | Ubicación actual | Fecha de adquisición | Fuente de Valor | Total Checkouts | Total Renewals | Número topográfico | Inventario / Código de Barras | Date last seen | Date checked out | Ejemplar | Price effective from | Forma de adquisición | Tipo de material |
|---|---|---|---|---|---|---|---|---|---|---|---|---|---|---|---|---|---|---|---|---|
| Local | Humboldt | Inventariado 2017 | Bogotá | Bogotá | 11/01/2001 | Marquez, Cesar | 5 | 1 | IAvH-00142 | 004081 | 09/08/2024 | 11/10/2017 | Ej. 1 | 04/12/2012 | Institucional | Informe Técnico |